| 000 | 00967nam a2200313 a 4500 | ||
|---|---|---|---|
| 001 | vtls000194382 | ||
| 003 | NLI | ||
| 005 | 20210602113226.0 | ||
| 008 | 101125s1963 enk 000 0 eng | ||
| 020 | _cRs. 12.60 | ||
| 039 | 9 |
_y201011252313 _zVLOAD |
|
| 040 | 0 |
_aNLI _beng _cDatasoft 1 _eAACR2 |
|
| 041 | 0 | _aeng | |
| 044 | _aenk | ||
| 082 | 0 | 4 | _a335.43834 |
| 100 | 1 |
_aArcher, Peter, _d1926- _9358050 |
|
| 245 | 1 | 0 |
_aCommunism and the law : _ba background book / _cPeter Archer |
| 260 |
_aLondon : _bBodley Head, _cc1963 |
||
| 300 |
_a112 p. ; _c19 cm. |
||
| 440 | 2 |
_aA Background book _9297006 |
|
| 650 | 0 |
_aLaw and socialism _9340158 |
|
| 650 | 0 |
_aLaw _zSoviet Union _9358051 |
|
| 887 | _a | ||
| 901 |
_a352561 _b18.03.1963 |
||
| 902 | _aE 335.43834 Ar 24 | ||
| 942 |
_2ddc _cBKS |
||
| 949 |
_AVIRTUAITEM _D10000 _X100 _6PUR000352561ENG |
||
| 999 |
_aVIRTUA40 _c201211 _d201211 |
||
| 999 | _aVTLSSORT0080*0200*0400*0410*0440*0820*1000*2450*2600*3000*4400*6500*6501*9010*9020*9490*9991 | ||